| 000 | 004970000a22001810004500 | ||
|---|---|---|---|
| 003 | LK-CoMWRAF | ||
| 005 | 20231020142451.0 | ||
| 008 | 230817t1983 ||||| |||| 00| 0 eng d | ||
| 040 |
_aLK-CoMWRAF _dLK-CoMWRAF _eLK-CoMWRAF |
||
| 041 | _aeng | ||
| 082 |
_a371.4 _bABE |
||
| 100 | _aAbeywickrama, Dorothy | ||
| 245 |
_aCounselling Skills: _bA Self-Study Course |
||
| 260 |
_aColombo: _bLake House, _c1983 |
||
| 300 |
_axii, 68p.; 21cm _bBibliography included |
||
| 650 | _aCOUNSELLING | ||
| 942 | _cBK | ||
| 999 |
_c1996 _d1996 |
||